La cultura nacional. / (Registro nro. 119626)
[ vista simple ]
| 000 -LEADER | |
|---|---|
| fixed length control field | 00632cam a2200181 4500 |
| 005 - DATE AND TIME OF LATEST TRANSACTION | |
| control field | 20170324120832.0 |
| 008 - FIXED-LENGTH DATA ELEMENTS--GENERAL INFORMATION | |
| fixed length control field | 170324b mx||||| |||| 00| 0 spa d |
| 020 ## - INTERNATIONAL STANDARD BOOK NUMBER | |
| International Standard Book Number | 9688371807 |
| 050 04 - LIBRARY OF CONGRESS CALL NUMBER | |
| Classification number | F1210 |
| Item number | C85 1984 |
| 111 2# - MAIN ENTRY--MEETING NAME | |
| Meeting name or jurisdiction name as entry element | Coloquio sobre Cultura Nacional |
| Date of meeting | (1982 diciembre 6-10 : |
| Location of meeting | México) |
| 245 13 - TITLE STATEMENT | |
| Title | La cultura nacional. / |
| 260 ## - PUBLICATION, DISTRIBUTION, ETC. (IMPRINT) | |
| Place of publication, distribution, etc | México : |
| Name of publisher, distributor, etc | UNAM, Coordinación de Humanidades, Facultad de Filosofía y Letras, |
| Date of publication, distribution, etc | 1984 |
| 300 ## - PHYSICAL DESCRIPTION | |
| Extent | 107 p. ; |
| Dimensions | 21cm. |
| 506 ## - RESTRICTIONS ON ACCESS NOTE | |
| Terms governing access | Rec. prop. esc. |
| 650 20 - SUBJECT ADDED ENTRY--TOPICAL TERM | |
| Topical term or geographic name as entry element | Extension cultural |
| Geographic subdivision | México |
| 651 #4 - SUBJECT ADDED ENTRY--GEOGRAPHIC NAME | |
| Geographic name | México |
| General subdivision | Civilización |
| -- | Discursos, ensayos, conferencias |
| 942 ## - ADDED ENTRY ELEMENTS (KOHA) | |
| Source of classification or shelving scheme | Biblioteca del Cogreso de los Estados Unidos |
| Koha item type | Libro |
| Estado de pérdida | Fuente de clasificación | Estado del daño | No para préstamo | Ubicación permanente | Ubicación actual | Apartado o colección | Fecha de adquisición | Edición | Área del conocimiento | Clasificación | Código de Barras | Date last seen | Número de copia | Tipo de recurso |
|---|---|---|---|---|---|---|---|---|---|---|---|---|---|---|
| Biblioteca del Cogreso de los Estados Unidos | Biblioteca de la Facultad de Filosofía | Biblioteca de la Facultad de Filosofía | General | 15/08/2016 | 1a. ed. | Educación y Humanidades | F1210 C85 1984 | BFF000019663 | 15/08/2016 | 1 | Libro |